Responses for show #8225 - Friday, May 29, 2020

2020 Teachers Tournament quarterfinal game 5.

Contestants

[<< previous game]

Allison Thomas, a 7th grade civics teacher from Port St. Lucie, Florida

Anne Pulju, a high school English teacher from Sandy Spring, Maryland

Jong Ho Kim, a high school math teacher from Lombard, Illinois

[next game >>]

Jeopardy! Round responses

PICTURE THE MOVIE
COOL NEWS
LAB PARTNERS
I HAVE MY DOUBTS
MUSICAL THEATRE
MULTIPLE "CHOICE" QUIZ
    $200 6
Green Book

Jong Ho
    $200 17
NASA

Anne
    $200 29
Curie

Anne
    $200 30
hesitates

Anne
    $200 11
Avenue Q

Allison
    $200 25
dealer's choice

Allison
    $400 5
Dances with Wolves

Allison
    $400 16
desalinization

Allison
    $400 10
polio

Anne
    $400 13
qualms

Anne
    $400 12
Chicago

Jong Ho
    $400 1
fielder's choice

Jong Ho
    $600 7
[NOTE: Jong Ho did not include the leading article in his response.]

A Clockwork Orange

Jong Ho
    $600 26
the WNBA

Anne
    $600 19
(Alexander Graham) Bell

Allison
    $600 22
Uncertainty

Jong Ho
    $600 14
Legally Blonde

Anne
    $600 2
Healthy Choice

Jong Ho
    $800 8
12 Angry Men

Allison
    $800 27
fair

Allison
    $800 20
penicillin

Jong Ho
    $800 23
(Allison: What is a cynic?)

a skeptic

AnneAllison
    $800 15
Miss Saigon

Jong Ho
    $800 4
Sophie's Choice

Jong Ho
    $1000 9
Blade Runner

Jong Ho
    $1000 28
(Jong Ho: What are nanobots?)
(Anne: What are stem cells?)
(Allison: What are nanites?)

nanoparticles

Jong HoAnneAllison
Triple Stumper
    $3,456 21
Enrico Fermi

Jong Ho
    $1000 24
agnostic

Anne
    $1000 18
Lerner & Loewe

Jong Ho
    $1000 3
Hobson's choice

Triple Stumper

Scores at the first commercial break (after clue 15):

Jong Ho Anne Allison
$4,800 $1,400 $1,400

Scores at the end of the Jeopardy! Round:

Jong Ho Anne Allison
$9,656 $3,400 $1,600

Double Jeopardy! Round responses

RUSSIAN TO THE BOOKSHELF
DESCRIBING THE ADJECTIVE
AMERICAN HISTORY
ATHLETES WHO TEACH
SAILING THE 5 SEAS
"Mc"PEOPLE
    $400 6
War and Peace

Anne
    $400 17
infinite

Jong Ho
    $400 29
the Underground Railroad

Jong Ho
    $400 30
algebra

Jong Ho
    $400 1
the Caribbean Sea

Allison
    $400 22
McKinley

Allison
    $800 7
Doctor Zhivago

Anne
    $800 19
grateful

Jong Ho
    $800 14
the Erie Canal

Jong Ho
    $800 5
(Jong Ho: What is hockey?)

Canadian

Jong HoAnne
    $800 2
the Black Sea

Allison
    $800 23
(John) McEnroe

Jong Ho
    $1200 8
Alexander Pushkin

Triple Stumper
    $3,456 20
bleak

Jong Ho
    $1200 15
Roanoke

Jong Ho
    $1200 11
Wilma Rudolph

Jong Ho
    $2,000 3
(Allison: What is the North Sea?)

the Baltic

Allison
    $1200 24
Alexander McQueen

Triple Stumper
    $1600 9
Fathers and Sons

Anne
    $1600 26
pathetic

Anne
    $1600 16
Manifest Destiny

Anne
    $1600 12
Bill Bradley

Jong Ho
    $1600 4
the Bering Sea

Jong Ho
    $1600 25
Anne McCaffrey

Anne
    $2000 10
Solzhenitsyn

Jong Ho
    $2000 27
quintessential

Anne
    $2000 18
Horace Mann

Allison
    $2000 13
Utah

Jong Ho
    $2000 21
the Ionian

Triple Stumper
    $2000 28
Robert McNamara

Triple Stumper

Scores at the end of the Double Jeopardy! Round:

Jong Ho Anne Allison
$25,512 $13,800 $3,200

Final Jeopardy! Round responses

PRESIDENTIAL LIBRARIES & MUSEUMS
(Alex: Both Presidents Bush and Lyndon Johnson. And remember that museums and libraries didn't come into being until more recent times.)
AllisonWhat is Virginia?
$3,200
AnneWhat is Virginia?
$2,201
Jong HoWhat is Ohio? California
$2,142
Texas

Final scores:

Jong Ho Anne Allison
$23,370 $11,599 $0
Automatic semifinalist 2nd place: $5,000 if eliminated 3rd place: $5,000 if eliminated

Game dynamics:

Coryat scores:

Jong Ho Anne Allison
$20,800 $13,800 $5,200
25 R
(including 2 DDs),
2 W
17 R,
1 W
11 R,
3 W
(including 1 DD)

Combined Coryat: $39,800

The J! Archive is created by fans, for fans. The Jeopardy! game show and all elements thereof, including but not limited to copyright and trademark thereto, are the property of Jeopardy Productions, Inc. and are protected under law. This website is not affiliated with, sponsored by, or operated by Jeopardy Productions, Inc. Join the discussion at JBoard.tv.